| 000 | 01013 a2200337 4500 | ||
|---|---|---|---|
| 003 | Nust | ||
| 005 | 20170207154017.0 | ||
| 010 | _a 2003266062 | ||
| 020 | _a0-13-008539-1 | ||
| 035 | _a(OCoLC)ocm51169341 | ||
| 035 | _a13108626 | ||
| 040 | _cNust | ||
| 082 | 0 | 4 | _a005.133 |
| 082 | 0 | 4 | _a005.2762 |
| 100 | 1 | _aCosentino, Christopher | |
| 245 | 1 | 0 |
_aAdvanced PHP for Web professionals-(EBOOK) _cChristopher Cosentino |
| 260 |
_aUpper Saddle River, N.J. : _bPrentice Hall PTR, _ccop. 2003 |
||
| 300 |
_axix, 339 p. : _bill. ; _c23 cm |
||
| 440 | 4 | _aThe Prentice Hall PTR advanced web development series | |
| 500 | _aIncludes index | ||
| 650 | 7 | _aInternet programming | |
| 650 | 7 | _aInternetprogrammering | |
| 650 | 7 | _aPHP | |
| 650 | 7 | _aPHP (Computer program language) | |
| 650 | 7 | _aPHP (Computer program language) | |
| 650 | 7 | _aPHP (Computer programming languages) | |
| 650 | 7 | _aPHP (Programmeringssprå«© | |
| 650 | 7 | _aWeb site development | |
| 650 | 7 |
_aWebbsidor _xprogrammering |
|
| 651 | _aEBOOK | ||
| 942 |
_2ddc _cBK |
||
| 999 |
_c191479 _d191479 |
||